| 000 | 02039nam0a2200397 4500 | ||
|---|---|---|---|
| 001 | RU\NLR\BIBL_A\022334886 | ||
| 005 | 20260517063143.0 | ||
| 010 |
_a978-5-19-012061-5 _9300 |
||
| 021 |
_aRU _bКН-П-24-047693 _9КН-П-24-4744 |
||
| 035 | _a(NLR Aleph) 022334886 | ||
| 090 |
_a13665716 _c13665716 |
||
| 100 | _a20240927d2024 k y0rusy50 ca | ||
| 101 | 0 |
_arus _deng |
|
| 102 | _aRU | ||
| 105 | _aa z 100yy | ||
| 181 | 0 |
_ai3 _baxxe |
|
| 182 | 0 | _an | |
| 200 | 1 |
_aЕстественнонаучное образование: наука и вузы - школе _dScience education: science and universities - schools _eметодический ежегодник химического факультета МГУ имени М. В. Ломоносова _fредакционная коллегия: профессор, доктор хим. наук Г. В. Лисичкин - председатель [и др.] _zeng |
|
| 203 |
_aТекст _bвизуальный _cнепосредственный |
||
| 210 |
_aМосква _cИзд-во Московского университета _d2024 |
||
| 215 |
_a210 с. _cил. _d21 |
||
| 300 | _aРез. англ. | ||
| 309 | _aНа тит. с. и обл.: т. 20, 2024 | ||
| 320 | _aБиблиогр. в конце ст. | ||
| 510 | 1 |
_aScience education: science and universities - schools _zeng |
|
| 601 | 0 | 2 |
_aМГУ им. М.В. Ломоносова _bХимический факультет _jСборники _92516938 _3RU\NLR\AUTH\661491714 |
| 606 | 1 |
_aХимия _jСборники _xПреподавание _92155080 _3RU\NLR\AUTH\661297463 |
|
| 686 | 1 | _aЧ488.755.4(2)7я43 | |
| 686 | 1 | _aЧ426.57я43 | |
| 702 | 1 |
_aЛисичкин _bГ. В. _gГеоргий Васильевич _4340 |
|
| 712 | 0 | 2 |
_4570 _aМГУ им. М. В. Ломоносова _bХимический факультет _9367927 _3RU\NLR\AUTH\889936561 |
| 942 | _cBOOK | ||
| 980 | _aNB | ||